| 000 | 01128cab a2200349 4500 | ||
|---|---|---|---|
| 001 | WB3111-12 | ||
| 008 | 090401t1995 xxu||||| |||| 00| 0 eng d | ||
| 035 | _a(Sirsi) u29125 | ||
| 041 | _aeng | ||
| 245 | _aCompensation for new road and rail schemes | ||
| 260 | _c1995 | ||
| 350 | _a0 | ||
| 490 |
_aTimes _v15 March 1995, 21 |
||
| 490 |
_aProperty Week _v50(11) 16 March 1995, 19(1) |
||
| 520 | _aConsiders compensation for those who live close to proposed road and rail schemes, highlighting the possibility for claiming for hardship and diminution in property values. | ||
| 650 | _aBLIGHT | ||
| 650 | _aCIRENCESTER | ||
| 650 | _aCOMPENSATION | ||
| 650 | _aDIMINUTION IN VALUE | ||
| 650 | _aDISTURBANCE | ||
| 650 | _aDREWEATT NEATE | ||
| 650 | _aLT COL DAVID OWEN | ||
| 650 | _aMOTORWAYS | ||
| 650 | _aOWEN CASE | ||
| 650 | _aPLANNING AND COMPENSATION ACT 1991 | ||
| 650 | _aPROPERTY VALUES | ||
| 650 | _aRAIL SCHEMES | ||
| 650 | _aROAD SCHEMES | ||
| 690 | _aENVIRONMENTAL AND LAND CONSULTANCY-PLANNING AND DEVELOPMENT-COMPULSORY PURCHASE AND COMPENSATION | ||
| 942 | _n0 | ||
| 948 | _c04/03/1997 | ||
| 999 |
_c19608 _d19608 |
||